000 00345nam a2200145Ia 4500
008 230917s9999||||xx |||||||||||||| ||und||
040 _e203764
_aMAIN
041 _aEnglish
082 _a869.3 C65D
100 _aCoelho, Paulo
245 0 _aDevil and Miss Prym
260 _aNoida
_bHarper Collins
_c2000
300 _ax, 201 p.
942 _cBK
999 _c174066
_d174066